| 000 | 00582nam a2200181 4500 | ||
|---|---|---|---|
| 999 |
_c188929 _d188929 |
||
| 005 | 20220607161932.0 | ||
| 010 | _aENG-133112 | ||
| 020 |
_a9788192223056 _c310.00 |
||
| 035 | _aEN-116644 | ||
| 037 | _bDBAD/PUB | ||
| 082 | _a793.31954 | ||
| 100 | _aEngersoll, Sumithra | ||
| 245 |
_aNatiya Kaviyam/ _cSumithra Engersoll |
||
| 260 |
_aBangalore _bKaviyamullai Pathippagam _c2017 |
||
| 270 |
_aG4, Ohana Gardens, 21 Ramamurthy Nagar, Main Road, Dodda banaswadi _bBangalore _e560043 |
||
| 300 |
_a200p. _bReferences _c23cm(pbk) |
||
| 942 |
_2ddc _cEN _h793.31954 _mENG |
||